Diccionario de preguntas: gestión por competencias, cómo planificar la entrevista por competencias (Registro nro. 5206)
[ vista simple ]
| 000 -CABECERA | |
|---|---|
| campo de control de longitud fija | 00973aam a2200301 4500 |
| 005 - FECHA Y HORA DE ACTUALIZACIÓN | |
| campo de control | 20241008134750.0 |
| 008 - LONGITUD FIJA | |
| campo de control de longitud fija | 150507b xxu||||| |||| 00| 0 spa d |
| 041 ## - IDIOMA | |
| Código de idioma del texto/pista de sonido o título separado | |
| 082 ## - CLASIFICACIÓN DECIMAL DEWEY | |
| Número de clasificación | 658.311 24 AL434di |
| 100 ## - AUTOR PERSONAL | |
| Nombre de persona | Alles, Martha Alicia |
| 245 ## - TÍTULO PROPIAMENTE DICHO | |
| Título | Diccionario de preguntas: gestión por competencias, cómo planificar la entrevista por competencias |
| 260 ## - PIE DE IMPRENTA | |
| Lugar de publicación, distribución, etc. | Argentina |
| Nombre del editor, distribuidor, etc. | Granica |
| Fecha de publicación, distribución, etc. | 2008 |
| 300 ## - DESCRIPCIÓN FÍSICA | |
| Extensión | 276 páginas |
| 650 ## - Materia General | |
| Materia general | ADMINISTRACIÓN DE PERSONAL |
| 650 ## - Materia General | |
| Materia general | PREGUNTAS PARA ENTREVISTAR |
| 650 ## - Materia General | |
| Materia general | GESTIÓN POR COMPETENCIAS |
| 650 ## - Materia General | |
| Materia general | CLASIFICACIÓN DE COMPETENCIAS |
| 650 ## - Materia General | |
| Materia general | MOTIVACIÓN |
| 650 ## - Materia General | |
| Materia general | COMPETENCIAS CARDINALES |
| 650 ## - Materia General | |
| Materia general | SISTEMA DE GESTIÓN DE COMPETENCIAS |
| 650 ## - Materia General | |
| Materia general | SELECCIÓN DE ENTREVISTA |
| 650 ## - Materia General | |
| Materia general | PROCEESOS DE RECURSOS HUMANOS |
| 650 ## - Materia General | |
| Materia general | NIVELES EJECUTIVOS |
| 650 ## - Materia General | |
| Materia general | NIVELES GERENCIALES |
| 650 ## - Materia General | |
| Materia general | NIVELES INICIALES |
| 650 ## - Materia General | |
| Materia general | COMPETENCIAS DEL CONOCIMIENTO |
| 942 ## - Punto de Acceso Adicional Koha | |
| Tipo de ítem Koha | Libro |
| Estado perdido | Fuente de clasificación o esquema de estantería | Estado dañado | No para préstamo | Biblioteca permanente | Biblioteca actual | Signatura completa | Código de barras | Programa Académico | Tipo de ítem |
|---|---|---|---|---|---|---|---|---|---|
| Dewey Decimal Classification | Departamento de Biblioteca y Documentación Alfonso Chase Brenes | Departamento de Biblioteca y Documentación Alfonso Chase Brenes | 658.311 24 AL434di | 14244 | Libro |